| 000 | 00753nam a22002417a 4500 | ||
|---|---|---|---|
| 003 | UA-OsUOA | ||
| 001 | 109191 | ||
| 007 | ta | ||
| 008 | 20141208b un ||||| |||| 00| 0 ukr d | ||
| 100 | _aДорофеєва Н. І. | ||
| 090 |
_a82.09(100) _bД69 |
||
| 942 | _cBK | ||
| 040 |
_aUA-OsUOA _bukr _cUA-OsUOA _dUA-OsUOA |
||
| 245 |
_aЗарубіжна література ХІХ ст. _bконтрольні тести і творчі завдання для тематичних атестацій |
||
| 300 | _a128 с. | ||
| 955 | _a2 | ||
| 041 | _aukr | ||
| 080 | _a82.09(100) | ||
| 020 | _a966-608-278-0 | ||
| 260 |
_aК. _bМАУП _c2003 |
||
| 650 | 7 |
_a82 Література. Літературознавство _2UDC |
|
| 999 |
_c395593 _d395593 |
||